000 00595nam a2200241Ia 4500
005 20260306145851.0
008 008 260114s9999 xx 000 0 eng d
020 _a9781646422678
037 _aEbook
040 _aCRL
040 _beng
040 _cCRL
041 _2eng
041 _aeng
084 _qCRL
245 4 _aThe Hidden Inequities in Labor-Based Contract Grading
260 _bUtah State University Press
260 _c2021
650 _aLiterary Studies
856 _uhttps://www.degruyter.com/isbn/9781646422678
942 _cEBOOK
999 _c1691751
_d1691751